|
|
|
|
| LEADER |
00721nam a2200193 a 4500 |
| 020 |
|
|
|a 9781138190917
|
| 082 |
|
|
|a 821.814 5
|b LEO/M
|
| 100 |
1 |
|
|a Leon Gottfried
|9 25048
|
| 245 |
1 |
0 |
|a Matthew Arnold and the romantics /
|c by Leon Gottfried.
|
| 260 |
|
|
|a London :
|b Routledge & Kegan Paul,
|c 1963.
|
| 300 |
|
|
|a x, 277 p. ;
|
| 600 |
1 |
0 |
|a Matthew Arnold
|9 25049
|
| 650 |
|
0 |
|a Romanticism Literature
|9 25050
|
| 650 |
|
0 |
|a Poetry Romanticism
|z England.
|9 25051
|
| 650 |
|
0 |
|a Matthew Arnold Romantics
|9 25052
|
| 650 |
|
0 |
|a Literature
|9 25053
|
| 942 |
|
|
|c BK
|
| 999 |
|
|
|c 68795
|d 68795
|
| 952 |
|
|
|0 0
|1 0
|4 0
|6 821_814000000000000_5_LEO_M
|7 0
|9 89256
|a SSUS
|b SSUS
|c STACKS
|d 2017-11-21
|g 8620.00
|l 1
|o 821.814 5 LEO/M
|p 085835
|r 2018-02-27
|s 2018-01-10
|w 2017-11-21
|y BK
|